Übersetzerkompetenzen. Beispiel zur Entwicklung der Textanalyse-Kompetenz
Guardado en:
| Autor principal: | |
|---|---|
| Autor Corporativo: | |
| Formato: | Libro |
| Lenguaje: | alemán |
| Publicado: |
Berlin
2011
|
| Materias: | |
| Etiquetas: |
Sin Etiquetas, Sea el primero en etiquetar este registro!
|
MARC
| LEADER | 00000nam$a2200000$$$4500 | ||
|---|---|---|---|
| 001 | 0135647 | ||
| 005 | 20240502083328.2 | ||
| 041 | 0 | |a ger | |
| 044 | |a DE | ||
| 245 | 1 | 0 | |a Übersetzerkompetenzen. Beispiel zur Entwicklung der Textanalyse-Kompetenz |c Katarína Seresová |
| 264 | 1 | |a Berlin |c 2011 | |
| 300 | |a 8 s. [0,4 AH] | ||
| 610 | 2 | 0 | |a jazyky cudzie |
| 610 | 2 | 0 | |a nemčina |
| 610 | 2 | 0 | |a preklady |
| 610 | 2 | 0 | |a preklady odborné |
| 610 | 2 | 0 | |a preklady vedecké |
| 610 | 2 | 0 | |a jazykoveda |
| 100 | 1 | |a Seresová, Katarína, 1967- | |
| 710 | 2 | |a Institut für Interkulturelle Kommunikation | |